000 005630000a22001810004500
001 768714001
003 CO-MdFUSB
005 20170701113953.0
008 170630s2003 cr ||||| |||| 00| 0 spa d
040 _aCO-MdFUSB
_bspa
_cCO-MdFUSB
_dCO-MdFUSB
041 _aspa
245 1 0 _aJuan Knox reformador escocés.
300 _aVolumen 5. Número 2 (2003), Páginas 28-34
_c21 cm.
546 _aTexto en español
650 1 4 _aREFORMA
773 0 _tRevista Reforma Siglo 21
_049443
_960196
_gVolumen 5. Número 2 (2003), Páginas 28-34
_q Página 28
942 _cANA
999 _c63405
_d63405